| 000 | 00515nam a22001817a 4500 | ||
|---|---|---|---|
| 005 | 20251108164113.0 | ||
| 008 | 250721s1994 xx 000 0 ara d | ||
| 082 | 1 | 4 | _a615.8913/معج |
| 100 | 1 |
_aالطبال، أحمد _eحقق |
|
| 245 | 1 | 0 | _aمعجم النباتات الشافية / |
| 250 | _aط2 | ||
| 264 | 1 |
_aطرابلس (لبنان ) : _bدار الشمال، _c1994. |
|
| 300 | _a348ص | ||
| 650 | 1 | 7 | _aالأعشاب |
| 650 | 1 | 7 | _aالنباتات الطبية |
| 942 |
_2ddc _cREF |
||
| 999 |
_c3715 _d3715 |
||